| 000 | 00366nam a22001457a 4500 | ||
|---|---|---|---|
| 003 | OSt | ||
| 005 | 20160727222524.0 | ||
| 008 | 160709b xxu||||| |||| 00| 0 eng d | ||
| 040 | _cTEST | ||
| 100 |
_92514 _a Carroll, L |
||
| 245 | _aAlice's Adventure in Wonderland | ||
| 260 |
_aEng _b Penguin _c1994 |
||
| 300 | _aAlice's Adventure in Wonderland | ||
| 942 |
_2ddc _cBK |
||
| 999 |
_c2181 _d2181 |
||